000 01894nam0a2200373 4500
001 RU\NLR\BIBL_A\022309406
005 20260420013935.0
010 _a978-5-93567-293-5
_91000
021 _aRU
_bКН-П-24-041376
_9КН-П-24-4095
035 _a(NLR Aleph) 022309406
090 _a13664012
_c13664012
100 _a20240829d2023 c y0rusy50 ca
101 0 _arus
102 _aRU
105 _aac||z|||000ay
181 0 _ai3
_baxxe
181 0 _ab2
_bxb2e
182 0 _an
200 1 _aБольшая книга сказок
_fСергей Засядкин, Елена Засядкина
_g[художник: Ю. П. Карпенко]
203 _aТекст
_aИзображение
_bвизуальные
_cнепосредственные
210 _aМосква
_cСтаница-2
_d2023
215 _a330, [1] с.
_cцв. ил., портр.
_d30
327 0 _aСодерж.: Дедушкины сказки: Сказка про казака и трёх его дочерей; Про озеро Эльтон; Сказка про Мать-Землю; Кукушонок [и др.]; Бабушкины сказки: О просьбах; Про Среду и Пятницу; Про иконы в доме [и др.]; Необыкновенные приключения мышонка Мика: Мышонок Мик; Засуха; Великое переселение [и др.]
686 0 _aШ9(2)62=Р7-2
686 2 _aШ6(2=Р)8-440.6
700 1 _aЗасядкин
_bС. В.
_f1961-
_gСергей Валентинович
701 1 _aЗасядкина
_bЕ. В.
_f1962-
_gЕлена Валерьевна
702 1 _aКарпенко
_bЮ. П.
_gЮрий П.
_4040
942 _cBOOK
980 _aNB